[Event "GER-ch blitz (Women)"]
[Site "Magdeburg"]
[Date "2019.05.25"]
[Round "10"]
[White "Sieber, Fiona"]
[Black "Kushka, Alena"]
[Result "0-1"]
[WhiteElo "2250"]
[BlackElo "2148"]
[PlyCount "122"]
[EventDate "2019.05.25"]
[EventType "tourn (blitz)"]
[EventRounds "29"]
[EventCountry "GER"]
[SourceTitle "CBM 190 Extra"]
[Source "ChessBase"]
[SourceDate "2019.07.15"]
[SourceVersion "1"]
[SourceVersionDate "2019.07.15"]
[SourceQuality "1"]

1. e4 c5 2. Nf3 Nc6 3. d4 cxd4 4. Nxd4 Qb6 5. Nb3 Nf6 6. Be3 Qb4+ 7. N1d2 Nxe4 8. c3 Qa4 9. Bd3 Nxd2 10. Qxd2 d5 11. 0-0 e6 12. Qe2 Qh4 13. f4 Bd6 14. g3 Qe7 15. f5 exf5 16. Rae1 0-0 17. Qf3 Ne5 18. Qd1 Nxd3 19. Qxd3 Qe4 20. Qd2 Qc4 21. Nd4 Bd7 22. b3 Qc8 23. Bf4 Bxf4 24. Rxf4 Re8 25. Ref1 Re4 26. R4f3 Qc5 27. Kg2 Rae8 28. R1f2 g6 29. Qd3 Qe7 30. Nc2 Bc6 31. b4 a6 32. Nd4 Re3 33. Qd2 Rxf3 34. Rxf3 Qe4 35. Kg1 Qe1+ 36. Qxe1 Rxe1+ 37. Kf2 Ra1 38. Re3 Rxa2+ 39. Kf3 Kf8 40. Re5 f6 41. Re6 Kf7 42. Rd6 Ra3 43. Rd8 Rxc3+ 44. Ke2 Rc4 45. Nxc6 bxc6 46. Ra8 Rxb4 47. Rxa6 Rc4 48. Ra7+ Ke6 49. Rxh7 c5 50. Rc7 Rc2+ 51. Kd3 Rxh2 52. Rxc5 Rg2 53. Rc6+ Ke5 54. Rc8 Rxg3+ 55. Ke2 Kf4 56. Rd8 Ke4 57. Re8+ Kd4 58. Ra8 f4 59. Ra4+ Ke5 60. Kf2 Rb3 61. Ra8 g5 0-1

[Event "GER-ch blitz (Women)"]
[Site "Magdeburg"]
[Date "2019.05.25"]
[Round "14"]
[White "Siegl, Melina"]
[Black "Kushka, Alena"]
[Result "0-1"]
[WhiteElo "2029"]
[BlackElo "2148"]
[PlyCount "74"]
[EventDate "2019.05.25"]
[EventType "tourn (blitz)"]
[EventRounds "29"]
[EventCountry "GER"]
[SourceTitle "CBM 190 Extra"]
[Source "ChessBase"]
[SourceDate "2019.07.15"]
[SourceVersion "1"]
[SourceVersionDate "2019.07.15"]
[SourceQuality "1"]

1. e4 c5 2. Nf3 Nc6 3. d3 g6 4. g3 Bg7 5. Bg2 e6 6. c3 d5 7. Nbd2 Nge7 8. 0-0 0-0 9. Re1 Qc7 10. Nf1 b6 11. h4 dxe4 12. dxe4 Rd8 13. Qe2 a5 14. Ng5 Ne5 15. Bf4 Ba6 16. Qe3 Qd7 17. Rad1 Qb5 18. b3 c4 19. b4 axb4 20. Rb1 Nd3 21. Re2 e5 22. cxb4 exf4 23. gxf4 h6 24. Nf3 Rac8 25. Ng3 c3 26. Rc2 Qa4 27. Qe2 Nxb4 28. Rxb4 Qxb4 29. Qxa6 Qb1+ 30. Kh2 Qxc2 31. e5 Qxf2 32. Qb7 Qc5 33. Ne4 Qc7 34. Qa6 c2 35. Nd6 c1Q 36. Nxc8 Rxc8 37. Qd3 Qxf4+ 0-1

[Event "BL 1819 (Women)"]
[Site "Germany"]
[Date "2019.02.09"]
[Round "7.6"]
[White "Ambartsumova, Karina"]
[Black "Kushka, Alena"]
[Result "1-0"]
[WhiteElo "2379"]
[BlackElo "2142"]
[PlyCount "79"]
[EventDate "2018.10.27"]
[EventType "team-tourn"]
[EventRounds "11"]
[EventCountry "GER"]
[SourceTitle "CBM 189 Extra"]
[Source "ChessBase"]
[SourceDate "2019.06.03"]
[SourceVersion "1"]
[SourceVersionDate "2019.06.03"]
[SourceQuality "1"]
[WhiteTeam "Schwaebisch Hall (W)"]
[BlackTeam "Hofheim (W)"]
[WhiteTeamCountry "GER"]
[BlackTeamCountry "GER"]

1. Nf3 Nf6 2. c4 c5 3. Nc3 g6 4. e4 Nc6 5. d4 cxd4 6. Nxd4 Bg7 7. Nc2 d6 8. Be2 0-0 9. 0-0 b6 10. Bg5 Bb7 11. Qd2 Rc8 12. f3 Re8 13. b3 Nd7 14. Rac1 Qc7 15. Rfd1 Qb8 16. Nd5 f6 17. Be3 Nc5 18. Nf4 e5 19. Nd5 Ne6 20. b4 Rcd8 21. b5 Ne7 22. Ncb4 Qc8 23. Rc3 f5 24. Ra3 f4 25. Bf2 Qb8 26. g3 g5 27. Bf1 fxg3 28. hxg3 Bxd5 29. cxd5 Nd4 30. Qxg5 Qb7 31. Bxd4 exd4 32. Bh3 Rf8 33. Be6+ Kh8 34. Kg2 Rf6 35. Rh1 Rdf8 36. Qd2 Rg6 37. Nc6 Nxc6 38. bxc6 Qe7 39. Bf5 Rgf6 40. Bxh7 1-0

[Event "BL 1819 (Women)"]
[Site "Germany"]
[Date "2019.01.13"]
[Round "6.4"]
[White "Schenk, Stefanie"]
[Black "Kushka, Alena"]
[Result "0-1"]
[WhiteElo "2096"]
[BlackElo "2142"]
[PlyCount "112"]
[EventDate "2018.10.27"]
[EventType "team-tourn"]
[EventRounds "11"]
[EventCountry "GER"]
[SourceTitle "CBM 188 Extra"]
[Source "ChessBase"]
[SourceDate "2019.02.26"]
[SourceVersion "1"]
[SourceVersionDate "2019.02.26"]
[SourceQuality "1"]
[WhiteTeam "Bayern Muenchen (W)"]
[BlackTeam "Hofheim (W)"]
[WhiteTeamCountry "GER"]
[BlackTeamCountry "GER"]

1. c4 c5 2. Nc3 Nc6 3. g3 g6 4. Bg2 Bg7 5. Nf3 Nf6 6. 0-0 0-0 7. d3 d5 8. cxd5 Nxd5 9. Nxd5 Qxd5 10. Nd2 Qh5 11. Nf3 Bh3 12. Bxh3 Qxh3 13. Qb3 b6 14. Bd2 Rad8 15. Bc3 Bxc3 16. bxc3 h6 17. Qa4 Rd6 18. Qh4 Qxh4 19. Nxh4 Rfd8 20. Nf3 e5 21. Nd2 f5 22. Nc4 Re6 23. Rfd1 Kf7 24. a4 Re7 25. Kf1 Red7 26. Ke1 Ke6 27. Ne3 e4 28. dxe4 Rxd1+ 29. Rxd1 Rxd1+ 30. Kxd1 fxe4 31. Kc2 a6 32. h4 b5 33. axb5 axb5 34. Ng4 h5 35. Ne3 Ne5 36. Kd2 Ng4 37. f3 exf3 38. exf3 Ne5 39. Ke2 Nc6 40. Kd3 Ke5 41. Nc2 Kd5 42. Ne3+ Ke5 43. Nc2 Ne7 44. Ne3 Nf5 45. Nf1 Kd5 46. Ne3+ Nxe3 47. Kxe3 Kc4 48. Kd2 b4 49. cxb4 cxb4 50. Kc2 Kd4 51. g4 Ke3 52. gxh5 gxh5 53. Kb3 Kxf3 54. Kxb4 Kg4 55. Kc3 Kxh4 56. Kd3 Kg3 0-1

[Event "BL 1819 (Women)"]
[Site "Germany"]
[Date "2019.01.12"]
[Round "5.5"]
[White "Movsesian, Julia"]
[Black "Kushka, Alena"]
[Result "1-0"]
[WhiteElo "2324"]
[BlackElo "2142"]
[PlyCount "55"]
[EventDate "2018.10.27"]
[EventType "team-tourn"]
[EventRounds "11"]
[EventCountry "GER"]
[SourceTitle "CBM 188 Extra"]
[Source "ChessBase"]
[SourceDate "2019.02.26"]
[SourceVersion "1"]
[SourceVersionDate "2019.02.26"]
[SourceQuality "1"]
[WhiteTeam "Rodewisch (W)"]
[BlackTeam "Hofheim (W)"]
[WhiteTeamCountry "GER"]
[BlackTeamCountry "GER"]

1. Nf3 c5 2. e4 Nc6 3. Nc3 d6 4. Bb5 e5 5. d3 Nf6 6. 0-0 Be7 7. Ne2 0-0 8. c3 a6 9. Ba4 b5 10. Bc2 Bg4 11. Ng3 Rb8 12. h3 Bd7 13. d4 b4 14. Be3 bxc3 15. bxc3 Qa5 16. d5 Na7 17. c4 Nc8 18. Bd2 Qc7 19. Ne1 a5 20. Nd3 Ne8 21. f4 Bf6 22. Nh5 exf4 23. Nxf6+ Nxf6 24. Rxf4 Ne7 25. Rxf6 gxf6 26. Bc3 f5 27. Bf6 fxe4 28. Qd2 1-0

[Event "BL 1819 (Women)"]
[Site "Germany"]
[Date "2018.11.18"]
[Round "4.6"]
[White "Kushka, Alena"]
[Black "Koehler, Inken"]
[Result "1-0"]
[WhiteElo "2142"]
[BlackElo "1934"]
[PlyCount "141"]
[EventDate "2018.10.27"]
[EventType "team-tourn"]
[EventRounds "11"]
[EventCountry "GER"]
[SourceTitle "CBM 188 Extra"]
[Source "ChessBase"]
[SourceDate "2019.02.26"]
[SourceVersion "1"]
[SourceVersionDate "2019.02.26"]
[SourceQuality "1"]
[WhiteTeam "Hofheim (W)"]
[BlackTeam "Harksheide (W)"]
[WhiteTeamCountry "GER"]
[BlackTeamCountry "GER"]

1. c4 c5 2. Nf3 Nf6 3. g3 d5 4. cxd5 Nxd5 5. Bg2 Nc6 6. 0-0 Nc7 7. Nc3 g6 8. d3 Bg7 9. Qa4 Bd7 10. Qh4 Ne6 11. Ng5 h6 12. Nxe6 Bxe6 13. Be3 Qa5 14. Rac1 Rc8 15. Nd5 b6 16. d4 c4 17. Nc3 Bf6 18. Bxc6+ Rxc6 19. Qe4 Rc8 20. Rfd1 0-0 21. Bxh6 Rfd8 22. d5 Bf5 23. Qf3 b5 24. e4 Bd7 25. a3 b4 26. axb4 Qxb4 27. Rd2 a5 28. Qe3 Bh8 29. e5 Bf5 30. Bf4 Bd3 31. h4 Qb7 32. Ra1 Qb4 33. Ra4 Qc5 34. Qf3 Qb6 35. Be3 Qc7 36. d6 exd6 37. exd6 Qxd6 38. Rxa5 Qb4 39. Rb5 Qf8 40. Rb7 Rb8 41. Ra7 Bxc3 42. bxc3 Qe8 43. Ra1 Qe4 44. Qf6 Qf5 45. Qxf5 Bxf5 46. Bd4 Rb1+ 47. Rxb1 Bxb1 48. f3 f5 49. Rb2 Bd3 50. Rb6 f4 51. gxf4 Ra8 52. Kf2 Ra2+ 53. Kg3 Kf7 54. Rf6+ Ke7 55. Rc6 Bf1 56. f5 gxf5 57. Kf4 Bd3 58. h5 Rh2 59. h6 Kf7 60. Rf6+ Kg8 61. Ke5 Kh7 62. Be3 Rh5 63. Bf4 Rh4 64. Rf7+ Kh8 65. Bg5 Rh1 66. Bf6+ Kg8 67. Rg7+ Kf8 68. h7 f4 69. Rg8+ Kf7 70. h8Q Re1+ 71. Kd4 1-0

[Event "GER-chT Federal Cup (Women)"]
[Site "Braunfels"]
[Date "2018.06.02"]
[Round "4.2"]
[White "Kushka, Alena"]
[Black "Siegl, Melina"]
[Result "1/2-1/2"]
[WhiteElo "2146"]
[BlackElo "1998"]
[PlyCount "92"]
[EventDate "2018.05.31"]
[EventType "team-swiss"]
[EventRounds "5"]
[EventCountry "GER"]
[SourceTitle "EXT 2020"]
[Source "ChessBase"]
[SourceDate "2019.10.17"]
[SourceVersion "1"]
[SourceVersionDate "2019.10.17"]
[SourceQuality "1"]
[WhiteTeam "Hessen (W)"]
[BlackTeam "Bayern (W)"]
[WhiteTeamCountry "GER"]
[BlackTeamCountry "GER"]

1. d4 f5 2. c4 d6 3. Nf3 g6 4. g3 Bg7 5. Bg2 Nf6 6. 0-0 0-0 7. Nc3 c6 8. d5 e5 9. dxe6 Bxe6 10. Bf4 Bxc4 11. Bxd6 Re8 12. Qa4 b5 13. Qa3 Ne4 14. Nxe4 fxe4 15. Nd2 Bd5 16. Rad1 Nd7 17. Qe3 Nf6 18. Bc5 Qc7 19. h3 a5 20. b3 Qc8 21. Bd4 Qf5 22. Rc1 h5 23. Rc5 Bf8 24. Rcc1 Bg7 25. Rc5 Bf8 26. Rcc1 Nd7 27. Rfd1 Kh7 28. Ba1 Bh6 29. Qd4 Rad8 30. Nf1 Rf8 31. g4 hxg4 32. hxg4 Qxg4 33. Ne3 Qxe2 34. Nxd5 cxd5 35. Rc3 Rf7 36. Bf1 Qg4+ 37. Rg3 Qf4 38. Bxb5 Nf6 39. Be2 Rc8 40. Bc3 Bg7 41. Qb6 Qf5 42. Bxf6 Rxf6 43. Qe3 Rc2 44. a4 Bh6 45. Rh3 g5 46. Rg3 Qe5 1/2-1/2

[Event "St Petersburg-ch (Women)"]
[Site "St Petersburg"]
[Date "2011.02.16"]
[Round "6"]
[White "Kushka, Alena"]
[Black "Kiseleva, Arina"]
[Result "1-0"]
[WhiteElo "2158"]
[BlackElo "1864"]
[PlyCount "35"]
[EventDate "2011.02.11"]
[EventType "swiss"]
[EventRounds "7"]
[EventCountry "RUS"]
[SourceTitle "CBM 141 Extra"]
[Source "ChessBase"]
[SourceDate "2011.05.03"]
[SourceVersion "1"]
[SourceVersionDate "2011.05.03"]
[SourceQuality "1"]

1. d4 d5 2. c4 e6 3. Nc3 c6 4. e4 dxe4 5. Nxe4 Bb4+ 6. Bd2 Qxd4 7. Bxb4 Qxe4+ 8. Be2 Na6 9. Bd6 Bd7 10. Nf3 0-0-0 11. 0-0 Be8 12. Bd3 Qg4 13. c5 Nc7 14. h3 Qh5 15. Qa4 Kb8 16. Rad1 Rc8 17. Qb4 a5 18. Qb6 1-0

[Event "St Petersburg-ch (Women)"]
[Site "St Petersburg"]
[Date "2011.02.15"]
[Round "5"]
[White "Andreeva, Yuliya"]
[Black "Kushka, Alena"]
[Result "1-0"]
[WhiteElo "1950"]
[BlackElo "2158"]
[PlyCount "63"]
[EventDate "2011.02.11"]
[EventType "swiss"]
[EventRounds "7"]
[EventCountry "RUS"]
[SourceTitle "CBM 141 Extra"]
[Source "ChessBase"]
[SourceDate "2011.05.03"]
[SourceVersion "1"]
[SourceVersionDate "2011.05.03"]
[SourceQuality "1"]

1. d4 Nf6 2. Nf3 c5 3. d5 b5 4. c4 Bb7 5. Nc3 b4 6. Nb1 e6 7. dxe6 fxe6 8. e3 Be7 9. Be2 0-0 10. 0-0 Qc7 11. b3 Ng4 12. h3 Bf6 13. hxg4 Bxa1 14. Qc2 Be5 15. Nbd2 g6 16. Nxe5 Qxe5 17. Bb2 Qg5 18. f4 Qe7 19. Bd3 e5 20. Be4 Bxe4 21. Nxe4 Nc6 22. Qd3 Rae8 23. Qd5+ Qe6 24. Nxc5 Qxd5 25. cxd5 Nb8 26. Bxe5 Rf7 27. Ne4 Rd8 28. Nf6+ Kf8 29. Bd6+ Kg7 30. g5 Na6 31. Rc1 h5 32. e4 1-0

[Event "St Petersburg-ch (Women)"]
[Site "St Petersburg"]
[Date "2011.02.13"]
[Round "3"]
[White "Ivkina, Olga"]
[Black "Kushka, Alena"]
[Result "1-0"]
[WhiteElo "2281"]
[BlackElo "2158"]
[PlyCount "117"]
[EventDate "2011.02.11"]
[EventType "swiss"]
[EventRounds "7"]
[EventCountry "RUS"]
[SourceTitle "CBM 141 Extra"]
[Source "ChessBase"]
[SourceDate "2011.05.03"]
[SourceVersion "1"]
[SourceVersionDate "2011.05.03"]
[SourceQuality "1"]

1. e4 e5 2. Nf3 Nf6 3. Nxe5 d6 4. Nf3 Nxe4 5. d4 Be7 6. Bd3 Nf6 7. h3 0-0 8. 0-0 Re8 9. c4 Nbd7 10. Nc3 Nf8 11. d5 Ng6 12. b3 c5 13. Re1 Bd7 14. a4 Nh5 15. Qc2 Qc8 16. Kh2 Bf6 17. Bd2 Ne5 18. Bxh7+ Kh8 19. Be4 Qd8 20. Rf1 Nxf3+ 21. Bxf3 Be5+ 22. Kg1 Qh4 23. Rae1 Nf4 24. Re4 Qg5 25. Bxf4 Bxf4 26. h4 Qf6 27. Rfe1 Re5 28. Rxe5 Bxe5 29. Ne4 Qg6 30. h5 Qf5 31. Re2 Re8 32. Qd1 Qf4 33. Ng3 Qg5 34. Ne4 Qf4 35. Ng3 Qg5 36. Qe1 Rf8 37. Qd2 Bf4 38. Qa5 Bf5 39. Qe1 Bd3 40. Re8 Kg8 41. Qe7 Rxe8 42. Qxe8+ Kh7 43. Be4+ Bxe4 44. Qxe4+ Kg8 45. Qe8+ Kh7 46. Qe4+ Kg8 47. Ne2 Bd2 48. Qd3 Ba5 49. Qh3 Qe7 50. Qc8+ Kh7 51. Qf5+ Kg8 52. Ng3 Bc3 53. Ne4 Be5 54. Qc8+ Kh7 55. Qf5+ Kg8 56. g3 f6 57. Kg2 Qe8 58. f4 Bd4 59. Qe6+ 1-0

[Event "RUS-chT U20"]
[Site "Rybinsk"]
[Date "2010.08.06"]
[Round "5"]
[White "Kushka, Alena"]
[Black "Tskhadadze, Anna"]
[Result "1-0"]
[WhiteElo "2168"]
[BlackElo "1849"]
[PlyCount "73"]
[EventDate "2010.08.02"]
[EventType "team-swiss"]
[EventRounds "9"]
[EventCountry "RUS"]
[SourceTitle "EXT 2011"]
[Source "ChessBase"]
[SourceDate "2010.11.26"]
[SourceVersion "1"]
[SourceVersionDate "2010.11.26"]
[SourceQuality "1"]

1. d4 d5 2. c4 e6 3. Nc3 Be7 4. cxd5 exd5 5. Bf4 c6 6. e3 Bd6 7. Bxd6 Qxd6 8. Bd3 Nf6 9. Nge2 0-0 10. 0-0 Re8 11. Ng3 Nbd7 12. f3 Nf8 13. Qd2 h5 14. Qf2 Qe7 15. Rae1 g6 16. e4 h4 17. Nge2 dxe4 18. fxe4 Ng4 19. Qf3 Nh7 20. e5 Ng5 21. Qf4 h3 22. g3 Be6 23. d5 cxd5 24. Nd4 Rad8 25. Be2 Nh6 26. Ncb5 Kg7 27. Nd6 Rf8 28. Bd3 Rd7 29. Re2 Bg4 30. Ref2 Ne6 31. Nxe6+ Qxe6 32. Qg5 Re7 33. Rf6 Rc7 34. Bxg6 fxg6 35. Qxg6+ Kh8 36. Qxh6+ Rh7 37. Rxf8+ 1-0

[Event "RUS-chT U20"]
[Site "Rybinsk"]
[Date "2010.08.03"]
[Round "2"]
[White "Tomnikova, Lidia"]
[Black "Kushka, Alena"]
[Result "1/2-1/2"]
[WhiteElo "2092"]
[BlackElo "2168"]
[PlyCount "152"]
[EventDate "2010.08.02"]
[EventType "team-swiss"]
[EventRounds "9"]
[EventCountry "RUS"]
[SourceTitle "EXT 2011"]
[Source "ChessBase"]
[SourceDate "2010.11.26"]
[SourceVersion "1"]
[SourceVersionDate "2010.11.26"]
[SourceQuality "1"]

1. e4 c5 2. Nc3 e6 3. Nf3 Nc6 4. d4 cxd4 5. Nxd4 Bb4 6. Ndb5 Nf6 7. a3 Bxc3+ 8. Nxc3 d5 9. exd5 exd5 10. Bg5 0-0 11. Bd3 Qd6 12. Bxf6 Re8+ 13. Be2 Qxf6 14. Qxd5 Bg4 15. f3 Rad8 16. Qc5 Nd4 17. 0-0-0 Bf5 18. f4 b6 19. Qc4 Be6 20. Qc7 Bf5 21. Ba6 Bg6 22. g4 b5 23. Bb7 Bxc2 24. Nd5 Rxd5 25. Bxd5 Bxd1 26. Rxd1 Qxf4+ 27. Qxf4 Ne2+ 28. Kb1 Nxf4 29. Bc6 Rb8 30. Bxb5 h5 31. Bd7 hxg4 32. Bxg4 g6 33. Rd4 Ng2 34. Rd7 Ne3 35. Be2 Kg7 36. Rxa7 Rh8 37. b4 Rxh2 38. Bf3 g5 39. b5 Rh6 40. a4 Rb6 41. Bc6 g4 42. a5 Rxc6 43. bxc6 g3 44. c7 g2 45. c8Q g1Q+ 46. Qc1 Qg6+ 47. Ka1 Nc2+ 48. Kb2 Qf6+ 49. Kb1 Nd4 50. Qg1+ Kh7 51. Qh2+ Kg7 52. Qg3+ Kh7 53. Qh3+ Kg7 54. Qg4+ Kh7 55. Qh3+ Kg7 56. Qg3+ Kh7 57. Qd3+ Kg7 58. Rd7 Nf5 59. Rd5 Ne7 60. Rd6 Qg5 61. a6 Qa5 62. Qd4+ Kh7 63. Qh4+ Kg7 64. Qf6+ Kf8 65. Qh6+ Kg8 66. a7 Qb4+ 67. Kc2 Qc4+ 68. Kd2 Qb4+ 69. Ke2 Qg4+ 70. Kf2 Qf5+ 71. Kg2 Qg4+ 72. Kh2 Qe2+ 73. Kg1 Qe1+ 74. Kg2 Qe2+ 75. Kg1 Qe1+ 76. Kg2 Qe2+ 1/2-1/2

[Event "EU-ch (Women) 11th"]
[Site "Rijeka"]
[Date "2010.03.09"]
[Round "4"]
[White "Videnova, Iva"]
[Black "Kushka, Alena"]
[Result "0-1"]
[WhiteElo "2258"]
[BlackElo "2164"]
[PlyCount "86"]
[EventDate "2010.03.06"]
[EventType "swiss"]
[EventRounds "11"]
[EventCountry "CRO"]
[SourceTitle "CBM 135 Extra"]
[Source "ChessBase"]
[SourceDate "2010.05.04"]
[SourceVersion "1"]
[SourceVersionDate "2010.05.04"]
[SourceQuality "1"]

1. e4 c5 2. Nf3 Nc6 3. d4 cxd4 4. Nxd4 Nf6 5. Nc3 d6 6. Bg5 e6 7. Qd2 a6 8. 0-0-0 h6 9. Be3 Be7 10. f3 Bd7 11. Kb1 b5 12. Nxc6 Bxc6 13. Ne2 Qc7 14. Nd4 Bb7 15. Bd3 d5 16. e5 Nd7 17. f4 Nc5 18. f5 0-0-0 19. fxe6 fxe6 20. Bf4 Rhf8 21. Bg6 Kb8 22. g3 Rc8 23. h4 Qb6 24. Be3 b4 25. Rhf1 a5 26. Bf7 Qa6 27. Qg2 Rc7 28. Qh3 Bc8 29. Bh5 a4 30. Rxf8 Bxf8 31. Be2 Qa5 32. Rf1 Be7 33. Rf7 b3 34. Rxe7 Qe1+ 35. Bc1 Rxe7 36. Nc6+ Kb7 37. Nxe7 bxc2+ 38. Kxc2 Qxe2+ 39. Kb1 Qd3+ 40. Ka1 Qd1 41. Kb1 Nd3 42. a3 Qxc1+ 43. Ka2 Qxb2# 0-1

[Event "St Petersburg-ch sf (Women)"]
[Site "St Petersburg"]
[Date "2010.02.15"]
[Round "3"]
[White "Korchagina, Victoria"]
[Black "Kushka, Alena"]
[Result "0-1"]
[WhiteElo "2174"]
[BlackElo "2179"]
[PlyCount "58"]
[EventDate "2010.02.13"]
[EventType "swiss"]
[EventRounds "7"]
[EventCountry "RUS"]
[SourceTitle "CBM 135 Extra"]
[Source "ChessBase"]
[SourceDate "2010.05.04"]
[SourceVersion "1"]
[SourceVersionDate "2010.05.04"]
[SourceQuality "1"]

1. e4 e5 2. Nf3 Nf6 3. Nxe5 d6 4. Nf3 Nxe4 5. Nc3 Nf6 6. d4 Be7 7. Bd3 0-0 8. Bf4 c6 9. Qd2 b5 10. 0-0-0 Na6 11. h3 Qa5 12. Kb1 b4 13. Ne4 Be6 14. Nxf6+ Bxf6 15. a3 Rfb8 16. Bxa6 Qxa6 17. Bxd6 bxa3 18. b3 Rb5 19. Ka2 Rd8 20. Bf4 c5 21. Qe3 c4 22. Rb1 Qc6 23. Rhc1 a5 24. Ne5 Bxe5 25. dxe5 a4 26. Ka1 c3 27. Qf3 Qxf3 28. gxf3 a2 29. Kxa2 Ra8 0-1